Computer organization and architecture : (Record no. 7777)
[ view plain ]
| 000 -LEADER | |
|---|---|
| fixed length control field | 00935nac a22002775a 4500 |
| 008 - FIXED-LENGTH DATA ELEMENTS--GENERAL INFORMATION | |
| fixed length control field | 111219t2006 njua frb 001 0 eng d |
| 010 ## - LIBRARY OF CONGRESS CONTROL NUMBER | |
| LC control number | 2002022456 |
| 020 ## - INTERNATIONAL STANDARD BOOK NUMBER | |
| International Standard Book Number | 0130351199 |
| 020 ## - INTERNATIONAL STANDARD BOOK NUMBER | |
| International Standard Book Number | 9780131856448 |
| 020 ## - INTERNATIONAL STANDARD BOOK NUMBER | |
| International Standard Book Number | 0131856448 |
| 040 ## - CATALOGING SOURCE | |
| Original cataloging agency | EG-ScBUE |
| Language of cataloging | eng |
| Transcribing agency | EG-ScBUE |
| 082 04 - DEWEY DECIMAL CLASSIFICATION NUMBER | |
| Classification number | 004.22 |
| Item number | STA |
| Edition number | 22 |
| 100 1# - MAIN ENTRY--PERSONAL NAME | |
| Personal name | Stallings, William. |
| 9 (RLIN) | 28173 |
| 245 10 - TITLE STATEMENT | |
| Title | Computer organization and architecture : |
| Remainder of title | designing for performance / |
| Statement of responsibility, etc | William Stallings. |
| 246 3# - VARYING FORM OF TITLE | |
| Title proper/short title | Computer organization & architecture |
| 250 ## - EDITION STATEMENT | |
| Edition statement | 7th ed. |
| 260 ## - PUBLICATION, DISTRIBUTION, ETC. (IMPRINT) | |
| Place of publication, distribution, etc | Upper Saddle River, New Jersey : |
| Name of publisher, distributor, etc | Pearson Education, |
| Date of publication, distribution, etc | c.2006. |
| 300 ## - PHYSICAL DESCRIPTION | |
| Extent | xix, 778 p. : |
| Other physical details | ill. ; |
| Dimensions | 24 cm. |
| 500 ## - GENERAL NOTE | |
| General note | Index : p. 763-778. |
| 500 ## - GENERAL NOTE | |
| General note | Glossary : p. 741-750. |
| 504 ## - BIBLIOGRAPHY, ETC. NOTE | |
| Bibliography, etc | Bibliography : p. 751-762. |
| 650 #0 - SUBJECT ADDED ENTRY--TOPICAL TERM | |
| Topical term or geographic name as entry element | Computer organization. |
| 9 (RLIN) | 28174 |
| Source of heading or term | BUEsh |
| 650 #0 - SUBJECT ADDED ENTRY--TOPICAL TERM | |
| Topical term or geographic name as entry element | Computer architecture. |
| 9 (RLIN) | 28175 |
| Source of heading or term | BUEsh |
| 651 ## - SUBJECT ADDED ENTRY--GEOGRAPHIC NAME | |
| Source of heading or term | BUEsh |
| 942 ## - ADDED ENTRY ELEMENTS (KOHA) | |
| Item type | Book - Borrowing |
| Call number prefix | 004.22S7827 |
| Source of classification or shelving scheme | Dewey Decimal Classification |
| Withdrawn status | Item status | Damaged status | Not for loan | Home library | Current library | Shelving location | Date acquired | Source of acquisition | Total Checkouts | Total Renewals | Full call number | Barcode | Date last seen | Date last borrowed | Cost, replacement price | Koha item type | Source of classification or shelving scheme |
|---|---|---|---|---|---|---|---|---|---|---|---|---|---|---|---|---|---|
| Central Library | Central Library | Lower Floor | 06/02/2014 | Purchase | 4 | 28 | 004.22 STA | 000004523 | 15/07/2025 | 15/10/2017 | 312.00 | Book - Borrowing | |||||
| Central Library | Central Library | Lower Floor | 06/02/2008 | Purchase | 3 | 14 | 004.22 STA | 000007394 | 15/07/2025 | 12/12/2011 | Book - Borrowing | Dewey Decimal Classification | |||||
| Central Library | Central Library | Lower Floor | 06/02/2008 | Purchase | 004.22 STA | 000009244 | 15/07/2025 | NB - Book (Non borrowing) | Dewey Decimal Classification | ||||||||
| Central Library | Central Library | Lower Floor | 06/02/2008 | Purchase | 7 | 8 | 004.22 STA | 000009245 | 15/07/2025 | 10/11/2016 | Book - Borrowing | Dewey Decimal Classification |